ESSENTIALS OF NEPHROLOGY. (Record no. 1215280)

MARC details
000 -LEADER
fixed length control field 00476nam a22001817a 4500
003 - CONTROL NUMBER IDENTIFIER
control field OSt
005 - DATE AND TIME OF LATEST TRANSACTION
control field 20260131095554.0
008 - FIXED-LENGTH DATA ELEMENTS--GENERAL INFORMATION
fixed length control field 260131b |||||||| |||| 00| 0 eng d
020 ## - INTERNATIONAL STANDARD BOOK NUMBER
International Standard Book Number 978938527731
040 ## - CATALOGING SOURCE
Transcribing agency CBS PUBLICATION
082 ## - DEWEY DECIMAL CLASSIFICATION NUMBER
Edition number 3
Classification number 616.61
Item number VIS
100 ## - MAIN ENTRY--PERSONAL NAME
Personal name VISWESWARAN R. K
245 ## - TITLE STATEMENT
Title ESSENTIALS OF NEPHROLOGY.
260 ## - PUBLICATION, DISTRIBUTION, ETC.
Place of publication, distribution, etc. B.M.S.G.B PUNE
Name of publisher, distributor, etc. CBS PUB
Date of publication, distribution, etc. 2019
300 ## - PHYSICAL DESCRIPTION
Extent XV;PB;503
500 ## - GENERAL NOTE
General note BILL NO - 6407<br/>DATE - 13/01/2026
942 ## - ADDED ENTRY ELEMENTS (KOHA)
Source of classification or shelving scheme Dewey Decimal Classification
Koha item type Textbook
Edition 3
Suppress in OPAC No
Holdings
Withdrawn status Lost status Source of classification or shelving scheme Damaged status Not for loan Collection Home library Current library Date acquired Source of acquisition Cost, normal purchase price Total Checkouts Full call number Barcode Date last seen Price effective from Koha item type
    Dewey Decimal Classification     Text Medical College & Hospital, Sangli Medical College & Hospital, Sangli 31/01/2026 B.M.S.G.B, PUNE 1250.00   616.61/VIS MCS-17531 31/01/2026 31/01/2026 Textbook
    Dewey Decimal Classification     Text Medical College & Hospital, Sangli Medical College & Hospital, Sangli 31/01/2026 B.M.S.G.B, PUNE 1250.00   616.61/VIS MCS-17532 31/01/2026 31/01/2026 Textbook